| 000 | 01303nam a2200325 i 4500 | ||
|---|---|---|---|
| 003 | EG-ScBUE | ||
| 005 | 20240627094706.0 | ||
| 008 | 180509q1979 nyua fr 001 0 eng d | ||
| 040 |
_aEG-ScBUE _beng _erda _cEG-ScBUE _dEG-ScBUE |
||
| 043 | _af-ua--- | ||
| 082 | 0 | 4 |
_a962 _bMAR _222 |
| 100 | 1 | _aMaroon, Fred J. | |
| 245 | 1 | 4 |
_aThe Egypt story : _bits art, its monuments, its people, its history / _cphotographs by Fred J. Maroon ; text by P. H. Newby ; consultants, art and Egyptology, Edna R. Russmann, The Metropolitan Museum of Art, New York, David B. O'Connor, and David P. Silverman, The University Museum, Philadelphia. |
| 264 | 1 |
_aNew York : _bChanticleer Press, _c[19--?] |
|
| 300 |
_a259 pages : _bcolor illustrations ; _c28 cm |
||
| 336 |
_2rdacontent _atext _btxt |
||
| 337 |
_aunmediated _2rdamedia _bn |
||
| 338 |
_avolume _bnc _2rdacarrier |
||
| 500 | _aIncludes index. | ||
| 650 | 7 |
_aArt _zEgypt _xHistory. _2BUEsh |
|
| 651 | 7 |
_aEgypt _xhistory _2BUEsh |
|
| 653 |
_bGGEN _cMay2018 |
||
| 655 | _vReading book | ||
| 700 | 1 |
_aNewby, P. H. _q(Percy Howard), _d1918- |
|
| 700 | 1 |
_aRussmann, Edna R., _econtributer. |
|
| 700 | 1 |
_aO'Connor, David B., _econtributer. |
|
| 700 | 1 |
_aSilverman, David P., _econtributer. |
|
| 942 |
_2ddc _cBB |
||
| 999 |
_c26677 _d26649 |
||